Naruto-19,20,21 (Record no. 12822)

MARC details
000 -LEADER
fixed length control field 00248nam a22000977a 4500
008 - FIXED-LENGTH DATA ELEMENTS--GENERAL INFORMATION
fixed length control field 250912b |||||||| |||| 00| 0 eng d
020 ## - INTERNATIONAL STANDARD BOOK NUMBER
International Standard Book Number 9781421554952
100 ## - MAIN ENTRY--PERSONAL NAME
Personal name Kishimoto Masashi
9 (RLIN) 7689
245 ## - TITLE STATEMENT
Title Naruto-19,20,21
260 ## - PUBLICATION, DISTRIBUTION, ETC. (IMPRINT)
Place of publication, distribution, etc. Cnanda
Name of publisher, distributor, etc. Omnibus
Date of publication, distribution, etc. 2024
Holdings
Withdrawn status Lost status Source of classification or shelving scheme Damaged status Koha normalized classification for sorting Not for loan Home library Current library Shelving location Date acquired Total Checkouts Full call number Barcode Date last seen Date last checked out Price effective from Koha item type
    Dewey Decimal Classification   KIS_741_590000000000000   Good Samaritan School Library Good Samaritan School Library FICTION 09/12/2025 5 KIS741.59 KIS18127 02/13/2026 02/04/2026 09/12/2025 BOOK

Powered by Koha